[Event "Ontario Closed w"]
[Site "Toronto CAN"]
[Date "2023.06.30"]
[Round "1.29"]
[White "Roque, Alexa"]
[Black "Chen, Shuang"]
[Result "1-0"]
[WhiteElo "930"]
[BlackElo "1668"]
[PlyCount "155"]
[EventDate "2023.06.30"]
[EventType "swiss"]
[EventRounds "7"]
[EventCountry "CAN"]

1. d4 d5 2. c4 e6 3. Nf3 Nf6 4. Nc3 Be7 5. Bf4 c6 6. e3 Nbd7 7. cxd5 cxd5 8.
Bd3 O-O 9. O-O Nb6 10. h3 Bd7 11. Ne5 Rc8 12. Rc1 a6 13. Qf3 Bc6 14. Ne2 Bd6
15. Nxc6 Rxc6 16. Rxc6 bxc6 17. Bxa6 Bxf4 18. Nxf4 Qa8 19. Qe2 Rb8 20. b3 g5
21. Nh5 Nxh5 22. Qxh5 Qxa6 23. Qxg5+ Kf8 24. Qh6+ Ke7 25. Qh4+ Kd7 26. Qxh7 Rf8
27. Qg7 Ke8 28. a4 Qd3 29. Qe5 Kd7 30. Qg7 Ke7 31. Qe5 Nd7 32. Qc7 Qa6 33. Rc1
Rc8 34. Qg3 Qd3 35. Qg5+ Nf6 36. Rc5 Qb1+ 37. Kh2 Rg8 38. Qf4 Qf1 39. g3 Rh8
40. h4 Ne4 41. Rxc6 Qxf2+ 42. Qxf2 Nxf2 43. Kg2 Ne4 44. a5 Rg8 45. a6 Rxg3+ 46.
Kh2 Rxe3 47. b4 Ra3 48. b5 Kd7 49. h5 Ra2+ 50. Kh3 Ng5+ 51. Kg4 Rg2+ 52. Kf4
e5+ 53. Kxe5 Nf3+ 54. Kf4 Nxd4 55. a7 Ra2 56. Ra6 Ne6+ 57. Kf5 Rf2+ 58. Ke5 f6+
59. Kxd5 Nc7+ 60. Ke4 Re2+ 61. Kf5 Re8 62. Rb6 Re5+ 63. Kg6 Rg5+ 64. Kh6 Rg4
65. Rb7 Ra4 66. b6 Kc6 67. Rxc7+ Kxb6 68. Rf7 f5 69. Rxf5 Kxa7 70. Kg6 Kb8 71.
h6 Rg4+ 72. Rg5 Ra4 73. h7 Ra6+ 74. Kh5 Kb7 75. Rg7+ Kb6 76. Rg6+ Ka7 77. Rxa6+
Kb7 78. h8=Q 1-0

[Event "Ontario Closed w"]
[Site "Toronto CAN"]
[Date "2023.06.30"]
[Round "1.30"]
[White "Deepak, Laksshana"]
[Black "Chen, Tiffany"]
[Result "1-0"]
[WhiteElo "1660"]
[BlackElo "725"]
[PlyCount "33"]
[EventDate "2023.06.30"]
[EventType "swiss"]
[EventRounds "7"]
[EventCountry "CAN"]

1. e4 e5 2. Nf3 Nc6 3. Nc3 Nf6 4. d4 Bd6 5. Bb5 Qe7 6. Bg5 exd4 7. Nxd4 Qe5 8.
Nf3 Qc5 9. Be3 Qb4 10. Bxc6 bxc6 11. e5 Ne4 12. exd6 Nxc3 13. bxc3 Qxc3+ 14.
Bd2 Qc5 15. Qe2+ Kf8 16. Qe7+ Kg8 17. Qe8# 1-0

[Event "Ontario Closed w"]
[Site "Toronto CAN"]
[Date "2023.06.30"]
[Round "1.31"]
[White "Wang, Angela"]
[Black "Guo, Hazel"]
[Result "0-1"]
[WhiteElo "699"]
[BlackElo "1655"]
[PlyCount "84"]
[EventDate "2023.06.30"]
[EventType "swiss"]
[EventRounds "7"]
[EventCountry "CAN"]

1. e4 e6 2. d4 d5 3. exd5 exd5 4. Nf3 Bg4 5. Nc3 Bb4 6. Be3 Nf6 7. Bd3 Ne4 8.
O-O Nxc3 9. bxc3 Bxc3 10. Rb1 b6 11. Qe2 O-O 12. h3 Bh5 13. Rb3 Ba5 14. c3 Re8
15. Bc2 Nd7 16. Qd3 Bg6 17. Qd2 c5 18. Bxg6 fxg6 19. Qc2 b5 20. Rbb1 Nf6 21.
Nd2 Rc8 22. Rfc1 Qc7 23. a4 a6 24. Nb3 Ne4 25. Bd2 Rf8 26. Be1 Rf7 27. Nxc5
Nxc5 28. dxc5 Qf4 29. axb5 axb5 30. Rd1 Qc4 31. Ra1 Bc7 32. Bd2 Qxc5 33. Be3
Qd6 34. g3 Qe6 35. Kh2 Rcf8 36. Rd2 Bxg3+ 37. Kxg3 Rf3+ 38. Kg2 Qxh3+ 39. Kg1
Qg4+ 40. Kf1 Rxe3 41. Ra2 Qh3+ 42. Kg1 Re1# 0-1

[Event "Ontario Closed w"]
[Site "Toronto CAN"]
[Date "2023.07.01"]
[Round "2.23"]
[White "Ruchinskaya, Valerie"]
[Black "Deepak, Laksshana"]
[Result "1-0"]
[WhiteElo "1993"]
[BlackElo "1660"]
[PlyCount "71"]
[EventDate "2023.06.30"]
[EventType "swiss"]
[EventRounds "7"]
[EventCountry "CAN"]

1. d4 Nf6 2. c4 g6 3. Nc3 d5 4. Bf4 Bg7 5. e3 c6 6. h3 Nbd7 7. Nf3 O-O 8. Rc1
Qa5 9. Qd2 Nb6 10. c5 Nbd7 11. Be2 b5 12. a3 Ne8 13. O-O f6 14. b4 Qd8 15. e4
dxe4 16. Nxe4 Nc7 17. Bxc7 Qxc7 18. d5 Bb7 19. d6 exd6 20. Nxd6 Ne5 21. Nxe5
fxe5 22. Qa2+ Kh8 23. Bg4 Rf6 24. Rcd1 h6 25. Ne4 Rf7 26. Rd3 Bf8 27. Rfd1 Bc8
28. Nd6 Re7 29. Bxc8 Rxc8 30. Nxc8 Qxc8 31. Rd8 Qf5 32. Qd2 Rh7 33. g4 Qf6 34.
Qd6 Qxd6 35. cxd6 Rf7 36. d7 1-0

[Event "Ontario Closed w"]
[Site "Toronto CAN"]
[Date "2023.07.01"]
[Round "2.24"]
[White "Qian, Ashley"]
[Black "Jiang, Hancy"]
[Result "0-1"]
[WhiteElo "1725"]
[BlackElo "1870"]
[PlyCount "138"]
[EventDate "2023.06.30"]
[EventType "swiss"]
[EventRounds "7"]
[EventCountry "CAN"]

1. e4 c6 2. Nf3 d5 3. Nc3 dxe4 4. Nxe4 Nf6 5. Nxf6+ exf6 6. d4 Bd6 7. Be2 O-O
8. O-O Bf5 9. c3 Nd7 10. h3 Nb6 11. c4 Nc8 12. b3 Ne7 13. Nh4 Be6 14. Bd3 Qd7
15. Re1 Ng6 16. Nxg6 hxg6 17. Bb2 Bxh3 18. Be4 Bf5 19. Bf3 g5 20. d5 Qc7 21.
Bd4 c5 22. Bc3 Rfe8 23. Rxe8+ Rxe8 24. Bg4 Be4 25. Bf3 Bh2+ 26. Kf1 f5 27. a3
Qf4 28. Bxe4 fxe4 29. Qe2 e3 30. Qf3 Qh4 31. fxe3 g4 32. Qf2 Bg3 33. Qg1 Qh7
34. Ke2 Qc2+ 35. Bd2 Bf4 36. Rc1 Qxb3 37. Rc3 Qa2 38. g3 Be5 39. Rc1 Bd4 40.
Ke1 Qxa3 41. Kd1 Bxe3 42. Qe1 Qa4+ 43. Rc2 Bxd2 44. Qxd2 Re4 45. Qc3 Qb4 46.
Qxb4 cxb4 47. Kd2 b6 48. Kd3 f5 49. c5 bxc5 50. Rxc5 Re7 51. Rb5 Kf7 52. Rxb4
Kf6 53. Ra4 Ke5 54. Ra5 Rd7 55. Kc4 Ke4 56. Rb5 g5 57. Rb1 Rc7+ 58. Kb3 Rb7+
59. Kc2 Rxb1 60. Kxb1 Kxd5 61. Ka2 f4 62. gxf4 gxf4 63. Kb2 g3 64. Ka2 g2 65.
Kb2 g1=Q 66. Ka2 Qb6 67. Ka3 Qb1 68. Ka4 Kc4 69. Ka5 Qb5# 0-1

[Event "Ontario Closed w"]
[Site "Toronto CAN"]
[Date "2023.07.01"]
[Round "2.25"]
[White "Zhong, April"]
[Black "Roque, Alexa"]
[Result "1-0"]
[WhiteElo "1800"]
[BlackElo "930"]
[PlyCount "77"]
[EventDate "2023.06.30"]
[EventType "swiss"]
[EventRounds "7"]
[EventCountry "CAN"]

1. e4 c6 2. d4 d5 3. Nc3 dxe4 4. Nxe4 Nf6 5. Nxf6+ exf6 6. c3 Bd6 7. Bd3 O-O 8.
Ne2 Re8 9. Qc2 g6 10. Be3 Nd7 11. O-O-O Nf8 12. h4 Be6 13. Kb1 b5 14. Nf4 a5
15. Be4 Qc7 16. Nxe6 Nxe6 17. h5 Nf8 18. hxg6 fxg6 19. c4 Rac8 20. g3 f5 21.
Bd3 b4 22. c5 Bxg3 23. Rdg1 f4 24. Bc1 Rcd8 25. fxg3 fxg3 26. Bc4+ Kh8 27. Bg5
Qg7 28. Rf1 Nd7 29. Rf7 Qg8 30. Rxd7 Rxd7 31. Bf6+ Rg7 32. Bxg8 Kxg8 33. Bxg7
Kxg7 34. Qg2 Rd8 35. Qxg3 Rd7 36. Qe5+ Kf8 37. Qh8+ Ke7 38. Rxh7+ Ke6 39. Qe5#
1-0

[Event "Ontario Closed w"]
[Site "Toronto CAN"]
[Date "2023.07.01"]
[Round "2.26"]
[White "Guo, Hazel"]
[Black "Xie, Irene"]
[Result "1/2-1/2"]
[WhiteElo "1655"]
[BlackElo "1750"]
[PlyCount "83"]
[EventDate "2023.06.30"]
[EventType "swiss"]
[EventRounds "7"]
[EventCountry "CAN"]

1. e4 e6 2. d4 d5 3. Nc3 dxe4 4. Nxe4 Bd7 5. Nf3 Bc6 6. Bd3 Nd7 7. O-O Ngf6 8.
Re1 Be7 9. Ng3 Bxf3 10. Qxf3 c6 11. Bd2 Qb6 12. Qe2 g6 13. Be3 Nd5 14. c4 Nxe3
15. fxe3 O-O 16. b3 c5 17. d5 exd5 18. cxd5 Bf6 19. Rac1 Rfe8 20. Bb5 Rad8 21.
Bxd7 Rxd7 22. Qc4 Rde7 23. Nf1 Bd4 24. g3 Bxe3+ 25. Nxe3 Rxe3 26. Rxe3 Rxe3 27.
Kf2 Re8 28. Qxc5 Qa6 29. Rc2 Qf6+ 30. Kg2 Qe5 31. Qc4 Qe1 32. Rf2 Qe4+ 33. Qxe4
Rxe4 34. Rd2 Kf8 35. Kf3 f5 36. Rc2 Ke8 37. d6 Rd4 38. Rc7 Rxd6 39. Rxb7 Rd7
40. Rb8+ Ke7 41. Rh8 Kf6 42. Re8 1/2-1/2

[Event "Ontario Closed w"]
[Site "Toronto CAN"]
[Date "2023.07.01"]
[Round "2.28"]
[White "Li, Sarina"]
[Black "Li, Yeeshuen"]
[Result "0-1"]
[WhiteElo "1005"]
[BlackElo "1288"]
[PlyCount "100"]
[EventDate "2023.06.30"]
[EventType "swiss"]
[EventRounds "7"]
[EventCountry "CAN"]

1. e4 e5 2. Nf3 Nc6 3. Bb5 a6 4. Ba4 Nf6 5. d3 b5 6. Bb3 Bc5 7. O-O d6 8. c3 h6
9. h3 O-O 10. Re1 Bb6 11. Be3 Bxe3 12. Rxe3 d5 13. exd5 Nxd5 14. Re1 Re8 15.
Nbd2 Nf4 16. d4 exd4 17. Rxe8+ Qxe8 18. Nxd4 Nxd4 19. cxd4 Ne2+ 20. Kh1 Nxd4
21. Bd5 c6 22. Nf3 Nxf3 23. Bxf3 Bb7 24. Rc1 Rc8 25. Qd4 Qe7 26. Qb6 Qc7 27.
Qc5 Re8 28. Qf5 Re5 29. Qc2 c5 30. Qd3 c4 31. Qc3 Bxf3 32. Qxf3 Qa7 33. Rd1 Re8
34. Qf5 Qe7 35. Qg4 Rd8 36. Rxd8+ Qxd8 37. Qf3 Qd6 38. Qa8+ Kh7 39. Qf3 Qf6 40.
Qe2 Kg6 41. Kg1 Qe6 42. Qd2 Kf5 43. g4+ Ke4 44. Kg2 f5 45. Qe3+ Kd5 46. Qf3+
Qe4 47. gxf5 Qxf3+ 48. Kxf3 Ke5 49. Kg4 h5+ 50. Kg5 b4 0-1

[Event "Ontario Closed w"]
[Site "Toronto CAN"]
[Date "2023.07.01"]
[Round "2.29"]
[White "Chen, Shuang"]
[Black "Shtepa, Liubov"]
[Result "1-0"]
[WhiteElo "1668"]
[BlackElo "1025"]
[PlyCount "77"]
[EventDate "2023.06.30"]
[EventType "swiss"]
[EventRounds "7"]
[EventCountry "CAN"]

1. e4 e5 2. Nf3 Nc6 3. Bb5 a6 4. Ba4 d6 5. c3 Nge7 6. d3 Bd7 7. Nbd2 g6 8. O-O
Bg7 9. Re1 O-O 10. Nf1 f5 11. Ng3 b5 12. Bb3+ Kh8 13. h4 f4 14. Ne2 Ng8 15. Ng5
Qe8 16. d4 h6 17. Nf3 Na5 18. Bc2 Qe7 19. dxe5 dxe5 20. Bd2 Bg4 21. Nc1 Bxf3
22. Qxf3 Qxh4 23. Nd3 Nc4 24. Bc1 g5 25. b3 g4 26. Qe2 f3 27. Qf1 fxg2 28. Qxg2
Nd6 29. Bb2 Rf3 30. Re3 Raf8 31. Rae1 c5 32. c4 bxc4 33. Nxe5 Bxe5 34. Bxe5+
Kh7 35. Rxf3 Rxf3 36. Bxd6 cxb3 37. axb3 Rc3 38. e5+ Kh8 39. Qe4 1-0

[Event "Ontario Closed w"]
[Site "Toronto CAN"]
[Date "2023.07.01"]
[Round "2.30"]
[White "Liu, Lily"]
[Black "Yang, Lucy"]
[Result "1/2-1/2"]
[WhiteElo "1058"]
[BlackElo "1384"]
[PlyCount "85"]
[EventDate "2023.06.30"]
[EventType "swiss"]
[EventRounds "7"]
[EventCountry "CAN"]

1. e4 c5 2. Nf3 Nc6 3. d4 cxd4 4. Nxd4 Nf6 5. Nc3 e5 6. Nxc6 bxc6 7. Bc4 Bb4 8.
f3 h6 9. Bd2 Bc5 10. f4 d6 11. h3 Nd7 12. Qf3 Qh4+ 13. g3 Qf6 14. a3 Nb6 15.
Bd3 exf4 16. Qxf4 Qe7 17. Be3 Bxe3 18. Qxe3 d5 19. Kd2 dxe4 20. Qxe4 Qxe4 21.
Bxe4 Bb7 22. Rae1 Rd8+ 23. Kc1 O-O 24. g4 Nd5 25. Nxd5 cxd5 26. Bd3 Rfe8 27.
Kd2 d4 28. Rxe8+ Rxe8 29. Re1 Kf8 30. Rxe8+ Kxe8 31. Bf1 Be4 32. c3 dxc3+ 33.
Kxc3 Kd7 34. Kd4 Bc6 35. Kc5 Kc7 36. b4 g6 37. b5 Be4 38. a4 f5 39. gxf5 gxf5
40. a5 f4 41. Kd4 Bh1 42. Kd3 Kd6 43. Kd4 1/2-1/2

[Event "Ontario Closed w"]
[Site "Toronto CAN"]
[Date "2023.07.01"]
[Round "2.31"]
[White "Asilahijani, Mahsa"]
[Black "Wang, Angela"]
[Result "1-0"]
[WhiteElo "1332"]
[BlackElo "699"]
[PlyCount "151"]
[EventDate "2023.06.30"]
[EventType "swiss"]
[EventRounds "7"]
[EventCountry "CAN"]

1. d4 d5 2. c4 e6 3. Nc3 Nf6 4. Bf4 Nc6 5. Nf3 Bb4 6. a3 Bxc3+ 7. bxc3 O-O 8.
e3 Re8 9. Bd3 dxc4 10. Bxc4 b6 11. Bb5 Bb7 12. Qa4 Qd5 13. c4 Qe4 14. Ne5 Nxd4
15. Bxe8 Nc2+ 16. Kd2 Rd8+ 17. Kc3 Nxa1 18. Bxf7+ Kh8 19. Rxa1 Qf5 20. Rd1 Ne4+
21. Kb2 Rf8 22. Qd7 Qf6 23. Qxe6 Nd6 24. Qxf6 gxf6 25. Bh6 Rd8 26. Ng4 Nxf7 27.
Rxd8+ Nxd8 28. Nxf6 Bxg2 29. Bf4 c6 30. Bb8 a6 31. Bc7 Ne6 32. Bxb6 Kg7 33. Nd7
Ng5 34. Nb8 Ne4 35. f4 Nd6 36. Kc3 Kf7 37. Nxa6 Ke7 38. Nc7 Bf1 39. a4 Bxc4 40.
a5 Bf1 41. a6 Nc8 42. Bd4 Kd7 43. Be5 c5 44. f5 Ke7 45. f6+ Kf7 46. Kb3 h5 47.
Ka4 Be2 48. Ka5 Bf1 49. a7 Nxa7 50. Kb6 Nc8+ 51. Kxc5 Bh3 52. Bc3 Bg4 53. e4
Bh3 54. e5 Be6 55. Nxe6 Kxe6 56. Kc6 Na7+ 57. Kb6 Nc8+ 58. Kb7 Ne7 59. fxe7
Kxe7 60. Kc7 Ke6 61. Kd8 Kf7 62. Kd7 h4 63. e6+ Kg6 64. e7 Kg5 65. e8=Q Kg4 66.
Qe5 Kh3 67. Qf4 Kg2 68. Qxh4 Kf3 69. Qd4 Ke2 70. Ke6 Kf1 71. Kf5 Ke2 72. Ke4
Kf1 73. Qd2 Kg1 74. Qe2 Kh1 75. Kf3 Kg1 76. Qg2# 1-0

[Event "Ontario Closed w"]
[Site "Toronto CAN"]
[Date "2023.07.01"]
[Round "3.23"]
[White "Jiang, Hancy"]
[Black "Zhong, April"]
[Result "0-1"]
[WhiteElo "1870"]
[BlackElo "1800"]
[PlyCount "46"]
[EventDate "2023.06.30"]
[EventType "swiss"]
[EventRounds "7"]
[EventCountry "CAN"]

1. d4 d5 2. Nf3 Nf6 3. c4 dxc4 4. Qa4+ Nbd7 5. g3 a6 6. Qxc4 e6 7. Bg2 b5 8.
Qc2 Bb7 9. O-O c5 10. a4 b4 11. a5 Rc8 12. dxc5 Bxc5 13. Qd3 O-O 14. Be3 h6 15.
Nbd2 Qe7 16. Rfc1 Rfd8 17. Bd4 e5 18. Bxc5 Nxc5 19. Qf5 e4 20. Rc4 exf3 21.
Bxf3 Ne6 22. Rac1 Rxc4 23. Rxc4 Rxd2 0-1

[Event "Ontario Closed w"]
[Site "Toronto CAN"]
[Date "2023.07.01"]
[Round "3.24"]
[White "Xie, Irene"]
[Black "Ruchinskaya, Valerie"]
[Result "1/2-1/2"]
[WhiteElo "1750"]
[BlackElo "1993"]
[PlyCount "71"]
[EventDate "2023.06.30"]
[EventType "swiss"]
[EventRounds "7"]
[EventCountry "CAN"]

1. e4 e6 2. d4 d5 3. exd5 exd5 4. Bd3 Bd6 5. Nf3 Nc6 6. c3 Nge7 7. Bg5 Bg4 8.
Nbd2 Qd7 9. Qc2 f6 10. Bh4 Bf5 11. Bg3 O-O-O 12. Bxd6 Qe6+ 13. Kd1 Bxd3 14.
Qxd3 Qxd6 15. Kc2 g6 16. b4 Rhe8 17. Nb3 Nb8 18. a4 Qf4 19. Nc5 Qf5 20. Rhe1
Qxd3+ 21. Nxd3 g5 22. Re6 Ng8 23. Rae1 Rxe6 24. Rxe6 b6 25. h4 Kd7 26. Re1 gxh4
27. Nxh4 Ne7 28. Nf4 Rg8 29. Nh5 Rf8 30. Re3 Nbc6 31. Rg3 Rf7 32. Rf3 Ke6 33.
Re3+ Kd7 34. Rf3 Ke6 35. Re3+ Kd7 36. Rf3 1/2-1/2

[Event "Ontario Closed w"]
[Site "Toronto CAN"]
[Date "2023.07.01"]
[Round "3.25"]
[White "Li, Yeeshuen"]
[Black "Guo, Hazel"]
[Result "0-1"]
[WhiteElo "1288"]
[BlackElo "1655"]
[PlyCount "60"]
[EventDate "2023.06.30"]
[EventType "swiss"]
[EventRounds "7"]
[EventCountry "CAN"]

1. e4 e6 2. d4 d5 3. Bd3 dxe4 4. Bxe4 Nf6 5. Bf3 Nbd7 6. Bf4 Bd6 7. Ne2 O-O 8.
O-O Re8 9. Re1 Nf8 10. Bg3 Ng6 11. Nbc3 e5 12. dxe5 Nxe5 13. Nf4 c6 14. Be2 Bf5
15. Nd3 Nxd3 16. Bxd3 Rxe1+ 17. Qxe1 Bxd3 18. cxd3 Bxg3 19. hxg3 Qxd3 20. Qe7
Qa6 21. Rd1 Qb6 22. Na4 Qa5 23. Qxb7 Re8 24. Qxc6 Re1+ 25. Rxe1 Qxe1+ 26. Kh2
Ng4+ 27. Kh3 Nxf2+ 28. Kh4 Qe7+ 29. Kh5 g6+ 30. Kh6 Ng4# 0-1

[Event "Ontario Closed w"]
[Site "Toronto CAN"]
[Date "2023.07.01"]
[Round "3.26"]
[White "Ambilwade, Ojal"]
[Black "Qian, Ashley"]
[Result "1/2-1/2"]
[WhiteElo "1672"]
[BlackElo "1725"]
[PlyCount "96"]
[EventDate "2023.06.30"]
[EventType "swiss"]
[EventRounds "7"]
[EventCountry "CAN"]

1. e4 c5 2. Nf3 d6 3. Bb5+ Bd7 4. Qe2 a6 5. Bxd7+ Nxd7 6. b3 Ngf6 7. d3 e6 8.
Bb2 Be7 9. Nbd2 Qc7 10. a4 O-O 11. O-O h6 12. h3 Rfd8 13. Rfe1 Ne8 14. Nf1 Bf6
15. c3 Ne5 16. N3d2 Nc6 17. f4 Na5 18. Kh1 Qb6 19. Ra3 Nc7 20. Ne3 Qc6 21. Nf3
Qd7 22. e5 dxe5 23. fxe5 Be7 24. Nc4 Nxc4 25. dxc4 Qc6 26. Raa1 Rd7 27. Rad1
Rad8 28. Ba3 b5 29. axb5 axb5 30. Rxd7 Qxd7 31. Bb2 Qd3 32. Qxd3 Rxd3 33. cxb5
Nxb5 34. Rc1 f6 35. Kg1 Bd8 36. Rc2 Ba5 37. b4 Bb6 38. Kf1 Kf7 39. c4 Na3 40.
Bxa3 Rxa3 41. b5 Rd3 42. Ke2 Rd8 43. Ra2 g5 44. Ra6 Rb8 45. g4 f5 46. Ke3 Kg6
47. Ng1 h5 48. Kf3 fxg4+ 1/2-1/2

[Event "Ontario Closed w"]
[Site "Toronto CAN"]
[Date "2023.07.01"]
[Round "3.27"]
[White "Chen, Tiffany"]
[Black "Chen, Shuang"]
[Result "0-1"]
[WhiteElo "726"]
[BlackElo "1668"]
[PlyCount "60"]
[EventDate "2023.06.30"]
[EventType "swiss"]
[EventRounds "7"]
[EventCountry "CAN"]

1. e4 c5 2. Nc3 Nc6 3. Nf3 g6 4. d4 cxd4 5. Nxd4 Bg7 6. Nxc6 bxc6 7. Bc4 d6 8.
O-O Nf6 9. Bg5 O-O 10. h3 Qb6 11. Na4 Qa5 12. e5 Qxe5 13. Bxf6 Bxf6 14. Re1 Qg5
15. g4 Qf4 16. Qd3 Be5 17. Kf1 d5 18. Bb3 f5 19. Qe3 fxg4 20. Qxf4 Bxf4 21.
hxg4 Bxg4 22. Rxe7 Bg3 23. Kg2 Bh4 24. Ree1 Rxf2+ 25. Kg1 Bf3 26. Re6 Rg2+ 27.
Kf1 Rf8 28. Re3 Be4+ 29. Rf3 Bxf3 30. Re1 Be4# 0-1

[Event "Ontario Closed w"]
[Site "Toronto CAN"]
[Date "2023.07.01"]
[Round "3.28"]
[White "Deepak, Laksshana"]
[Black "Asilahijani, Mahsa"]
[Result "1-0"]
[WhiteElo "1660"]
[BlackElo "1332"]
[PlyCount "51"]
[EventDate "2023.06.30"]
[EventType "swiss"]
[EventRounds "7"]
[EventCountry "CAN"]

1. e4 c6 2. Nc3 d5 3. Nf3 dxe4 4. Nxe4 Bf5 5. Ng3 Bg6 6. d4 Nf6 7. Bc4 e6 8.
Bg5 Be7 9. O-O Nbd7 10. Re1 Qb6 11. Bb3 a5 12. a4 c5 13. d5 exd5 14. Bxd5 Nxd5
15. Qxd5 Nf6 16. Bxf6 gxf6 17. Nh4 Rd8 18. Qf3 Qc6 19. Nhf5 Bxf5 20. Nxf5 Rd7
21. Qe2 Rg8 22. f3 Qc7 23. Rad1 Rxd1 24. Qxd1 Qb6 25. Nxe7 c4+ 26. Kh1 1-0

[Event "Ontario Closed w"]
[Site "Toronto CAN"]
[Date "2023.07.01"]
[Round "3.29"]
[White "Roque, Alexa"]
[Black "Liu, Lily"]
[Result "1/2-1/2"]
[WhiteElo "930"]
[BlackElo "1058"]
[PlyCount "71"]
[EventDate "2023.06.30"]
[EventType "swiss"]
[EventRounds "7"]
[EventCountry "CAN"]

1. d4 d5 2. c4 e6 3. Nf3 Nf6 4. Nc3 a6 5. Bg5 c6 6. e3 Bb4 7. cxd5 exd5 8. h3
h6 9. Bh4 Bf5 10. Bd3 Bxd3 11. Qxd3 Nbd7 12. a3 Be7 13. Bg3 c5 14. O-O O-O 15.
Rfd1 b5 16. dxc5 Nxc5 17. Qf5 Re8 18. Nxd5 Qc8 19. Qxc8 Raxc8 20. Nxe7+ Rxe7
21. Rac1 Ree8 22. Nd4 Na4 23. Rb1 Ne4 24. Ne2 Nxg3 25. Nxg3 Rc2 26. Rd6 Rxb2
27. Rxb2 Nxb2 28. Rxa6 Nc4 29. Ne2 Rb8 30. Nd4 b4 31. Nc6 b3 32. Nxb8 b2 33.
Nd7 b1=Q+ 34. Kh2 Qd1 35. Ra8+ Kh7 36. Nf8+ 1/2-1/2

[Event "Ontario Closed w"]
[Site "Toronto CAN"]
[Date "2023.07.01"]
[Round "3.31"]
[White "Shtepa, Liubov"]
[Black "Li, Sarina"]
[Result "0-1"]
[WhiteElo "1025"]
[BlackElo "1005"]
[PlyCount "136"]
[EventDate "2023.06.30"]
[EventType "swiss"]
[EventRounds "7"]
[EventCountry "CAN"]

1. e4 c5 2. Nc3 d6 3. d3 Nf6 4. g3 g6 5. Bg2 Bg7 6. f4 Nc6 7. Nf3 e5 8. O-O O-O
9. h3 Nh5 10. Kh2 Nf6 11. g4 exf4 12. Bxf4 h6 13. Qd2 g5 14. Bg3 Ne8 15. Rab1
Nc7 16. a3 b5 17. Nd5 Nxd5 18. exd5 Ne7 19. c4 f5 20. gxf5 bxc4 21. dxc4 Bxf5
22. Rbe1 a5 23. b4 axb4 24. axb4 Ra3 25. bxc5 dxc5 26. d6 Nc8 27. Qd5+ Kh7 28.
Qxc5 Ra5 29. Qb4 Ra2 30. c5 Rc2 31. Rf2 Bc3 32. Qc4 Rxf2 33. Qxc3 Rc2 34. Qe5
Ra2 35. c6 Rf7 36. Nd4 Bg6 37. Qe8 Rxg2+ 38. Kxg2 Rf2+ 39. Kxf2 Bxe8 40. d7
Bxd7 41. cxd7 Qxd7 42. Nf3 Qxh3 43. Re8 Qd7 44. Re2 Ne7 45. Ne5 Qf5+ 46. Kg2
Ng6 47. Nxg6 Qxg6 48. Re7+ Kg8 49. Re2 Qc6+ 50. Kh2 Kf7 51. Rf2+ Kg6 52. Kh3
Qe6+ 53. Kh2 h5 54. Rf1 h4 55. Bxh4 gxh4 56. Rg1+ Kh5 57. Rg2 Qe5+ 58. Kg1 h3
59. Rg8 Kh4 60. Kh1 Qd5+ 61. Kg1 Qxg8+ 62. Kf2 h2 63. Ke3 h1=Q 64. Kd4 Qe1 65.
Kc5 Qd8 66. Kb5 Qc3 67. Ka6 Qb2 68. Ka7 Qbb6# 0-1

[Event "Ontario Closed w"]
[Site "Toronto CAN"]
[Date "2023.07.02"]
[Round "4.23"]
[White "Ruchinskaya, Valerie"]
[Black "Zhong, April"]
[Result "0-1"]
[WhiteElo "1993"]
[BlackElo "1800"]
[PlyCount "114"]
[EventDate "2023.06.30"]
[EventType "swiss"]
[EventRounds "7"]
[EventCountry "CAN"]

1. d4 d5 2. c4 dxc4 3. e3 Nf6 4. Bxc4 e6 5. Nf3 a6 6. O-O b5 7. Be2 Bb7 8. a4
b4 9. Nbd2 c5 10. Nc4 Nbd7 11. a5 Be7 12. Qa4 O-O 13. Rd1 Bd5 14. Nfe5 Qc7 15.
Bd2 Nxe5 16. Nxe5 Bd6 17. f4 Qb7 18. Bf3 Ne4 19. Nd7 Rfe8 20. Nb6 Rad8 21. Qc2
cxd4 22. exd4 Nxd2 23. Bxd5 exd5 24. Qxd2 Bc7 25. Re1 Re4 26. Rxe4 dxe4 27.
Qxb4 Bxf4 28. Re1 Re8 29. d5 Qc7 30. h3 Bg3 31. d6 Bxe1 32. dxc7 Bxb4 33. c8=Q
Rxc8 34. Nxc8 Bxa5 35. Nd6 e3 36. Kf1 Bd2 37. Ke2 Kf8 38. Nf5 g6 39. Nd4 a5 40.
g4 Ke7 41. Kd3 Kd6 42. Ke4 Kc5 43. Kd3 Kd5 44. Nf3 f5 45. Ng5 h6 46. Nf7 h5 47.
Nh8 fxg4 48. hxg4 hxg4 49. Nxg6 g3 50. b3 Bc1 51. Nf4+ Ke5 52. Ne2 g2 53. Ng1
Kf4 54. Ke2 Kg3 55. Nf3 Bd2 56. Ng1 Kh2 57. Nf3+ Kh1 0-1

[Event "Ontario Closed w"]
[Site "Toronto CAN"]
[Date "2023.07.02"]
[Round "4.24"]
[White "Guo, Hazel"]
[Black "Jiang, Hancy"]
[Result "1-0"]
[WhiteElo "1655"]
[BlackElo "1860"]
[PlyCount "63"]
[EventDate "2023.06.30"]
[EventType "swiss"]
[EventRounds "7"]
[EventCountry "CAN"]

1. e4 c6 2. Nc3 d5 3. Nf3 dxe4 4. Nxe4 Nf6 5. Qe2 e6 6. d4 Be7 7. c3 Nbd7 8.
Bf4 O-O 9. Qc2 Nxe4 10. Qxe4 Nf6 11. Qc2 Qa5 12. Bd3 c5 13. O-O h6 14. Rfe1 Nh5
15. Bd2 Bd6 16. Ne5 Qc7 17. Qd1 Nf6 18. Qf3 Qe7 19. Nc4 Nh7 20. Nxd6 Qxd6 21.
Bf4 Qe7 22. Qg3 Qf6 23. h4 g5 24. hxg5 hxg5 25. Bxh7+ Kxh7 26. Bxg5 Qg6 27.
Qh4+ Kg7 28. Re3 f6 29. Rg3 Kf7 30. Bh6 Qh7 31. Qh5+ Ke7 32. Bxf8+ 1-0

[Event "Ontario Closed w"]
[Site "Toronto CAN"]
[Date "2023.07.02"]
[Round "4.25"]
[White "Chen, Shuang"]
[Black "Xie, Irene"]
[Result "1/2-1/2"]
[WhiteElo "1668"]
[BlackElo "1750"]
[PlyCount "58"]
[EventDate "2023.06.30"]
[EventType "swiss"]
[EventRounds "7"]
[EventCountry "CAN"]

1. e4 e6 2. d4 d5 3. exd5 exd5 4. Nf3 Bd6 5. Bd3 Nf6 6. O-O O-O 7. c3 Bg4 8.
Bg5 Nbd7 9. Nbd2 c6 10. Qc2 Qc7 11. c4 dxc4 12. Bxc4 Bh5 13. Rac1 Bf4 14. Qf5
Bxg5 15. Nxg5 Bg6 16. Qf3 Qa5 17. Nge4 Rad8 18. Nc3 Nb6 19. Nb3 Qb4 20. Be2 a5
21. Rfd1 a4 22. Nc5 Rb8 23. a3 Qa5 24. Qg3 Qa7 25. Bf3 Rfd8 26. Qc7 Rdc8 27.
Qe7 Re8 28. Qc7 Rec8 29. Qe7 Re8 1/2-1/2

[Event "Ontario Closed w"]
[Site "Toronto CAN"]
[Date "2023.07.02"]
[Round "4.26"]
[White "Deepak, Laksshana"]
[Black "Ambilwade, Ojal"]
[Result "0-1"]
[WhiteElo "1660"]
[BlackElo "1672"]
[PlyCount "86"]
[EventDate "2023.06.30"]
[EventType "swiss"]
[EventRounds "7"]
[EventCountry "CAN"]

1. e4 c6 2. Nc3 d5 3. Nf3 Bg4 4. h3 Bxf3 5. Qxf3 e6 6. d3 Nd7 7. Qg3 g6 8. e5
Bg7 9. d4 Qb6 10. Qg4 Ne7 11. Bd3 O-O 12. h4 Nf5 13. Ne2 h5 14. Qh3 Nxd4 15. f4
Nxe2 16. Kxe2 c5 17. c3 c4 18. Bc2 f5 19. Qg3 Kh7 20. Rb1 Qc7 21. b3 b6 22. Ba3
Rf7 23. Bd6 Qc8 24. Rbd1 Bh6 25. Rd4 b5 26. Kd1 Qc6 27. Re1 a5 28. Qf3 Nb6 29.
Kc1 Rc8 30. b4 axb4 31. Bxb4 Ra8 32. a3 Bf8 33. Kb2 Bxb4 34. cxb4 c3+ 35. Qxc3
Nc4+ 36. Kc1 Rxa3 37. Bb3 Nxe5 38. Kb2 Qxc3+ 39. Kxc3 Nc6 40. Rd2 Nd8 41. Kb2
Raa7 42. Kc3 Rac7+ 43. Kd4 Nc6+ 0-1

[Event "Ontario Closed w"]
[Site "Toronto CAN"]
[Date "2023.07.02"]
[Round "4.27"]
[White "Qian, Ashley"]
[Black "Roque, Alexa"]
[Result "1/2-1/2"]
[WhiteElo "1725"]
[BlackElo "930"]
[PlyCount "78"]
[EventDate "2023.06.30"]
[EventType "swiss"]
[EventRounds "7"]
[EventCountry "CAN"]

1. e4 c6 2. Nf3 d5 3. Nc3 dxe4 4. Nxe4 Nf6 5. Nxf6+ exf6 6. d4 Bd6 7. Be2 O-O
8. O-O Nd7 9. Re1 Re8 10. Be3 Nf8 11. Qd2 Bf5 12. c3 Qc7 13. h3 Rad8 14. Bd3
Bg6 15. Nh4 a6 16. Nf5 Bxf5 17. Bxf5 Ne6 18. Qc2 h5 19. Bxe6 Rxe6 20. Qb3 b5
21. a4 Bf4 22. axb5 axb5 23. Qd1 Rde8 24. Qxh5 Bxe3 25. fxe3 Qg3 26. e4 Qf4 27.
Qf3 Qh4 28. g4 Qh7 29. e5 fxe5 30. Rxe5 Rxe5 31. dxe5 Qh6 32. Re1 Qe6 33. Qf5
f6 34. Qxe6+ Rxe6 35. Kf2 Rxe5 36. Rxe5 fxe5 37. Ke3 Kf7 38. Ke4 Ke6 39. b4 Kf6
1/2-1/2